| 000 | 00396nam a2200181Ia 4500 | ||
|---|---|---|---|
| 001 | 4894 | ||
| 005 | 20260306145828.0 | ||
| 008 | 260306t2006||||xx |||||||||||||| ||spa|| | ||
| 041 | _aESP | ||
| 082 |
_a331.1 _bG17 |
||
| 100 |
_aGamero Requena, Julio _eAUT |
||
| 245 | 0 | _aCrecimiento y empleo | |
| 260 | _c2006 | ||
| 300 |
_a _c |
||
| 650 | _aGEN | ||
| 654 | _aCAN | ||
| 942 |
_cLIB _dJUS _fJUS _2ddc _n |
||
| 999 |
_c4894 _d4894 |
||